| 000 | 01714cam a22003737a 4500 | ||
|---|---|---|---|
| 999 |
_c25823 _d25823 |
||
| 001 | 14460685 | ||
| 005 | 20170201120333.0 | ||
| 008 | 060720s2006 ilua b 000 0 eng d | ||
| 010 | _a 2006279570 | ||
| 020 | _a1932364250 (pbk.) | ||
| 035 | _a(OCoLC)ocm67711043 | ||
| 042 | _alccopycat | ||
| 043 | _an-us--- | ||
| 050 | 0 | 0 | _aNA9105 .E94 2006 |
| 100 | 1 | _aEvans-Cowley, Jennifer. | |
| 245 | 1 | 0 |
_aMeeting the big box challenge : _bplanning, design, and regulatory strategies / _cJennifer Evans-Cowley. |
| 260 |
_aChicago, IL : _bAmerican Planning Association, _c[2006] |
||
| 300 |
_a69 p. : _bcol. ill. ; _c28 cm. |
||
| 490 | 1 |
_aPlanning Advisory Service report, _x0160-8266 ; _vno. 537 |
|
| 500 | _aCover title. | ||
| 500 | _a"March 2006"--P. [2] of cover. | ||
| 504 | _aIncludes bibliographical references (p. 63-69). | ||
| 505 | 0 | _aWhat is a Big-box retail store? -- Planning issues created by the Big-box and its business practices -- Regulatory strategies -- What to do when the Big-box closes: "White elephant" ordinances and adaptive reuse -- Recommendations. | |
| 650 | 0 |
_aChain stores _zUnited States. |
|
| 650 | 0 |
_aRetail trade _zUnited States. |
|
| 650 | 0 |
_aStores, Retail _zUnited States. |
|
| 710 | 2 | _aAmerican Planning Association. | |
| 830 | 0 |
_aReport (American Planning Association. Planning Advisory Service) ; _vno. 537. |
|
| 942 |
_2lcc _cBOOKS |
||